<?xml version="1.0" encoding="UTF-8"?><?xml-stylesheet type="text/xsl" href="static/style.xsl"?><OAI-PMH xmlns="http://www.openarchives.org/OAI/2.0/" xmlns:xsi="http://www.w3.org/2001/XMLSchema-instance" xsi:schemaLocation="http://www.openarchives.org/OAI/2.0/ http://www.openarchives.org/OAI/2.0/OAI-PMH.xsd"><responseDate>2026-04-18T04:08:19Z</responseDate><request verb="GetRecord" identifier="oai:www.recercat.cat:20.500.12327/3770" metadataPrefix="marc">https://recercat.cat/oai/request</request><GetRecord><record><header><identifier>oai:recercat.cat:20.500.12327/3770</identifier><datestamp>2025-10-22T10:55:46Z</datestamp><setSpec>com_2072_4428</setSpec><setSpec>com_2072_4427</setSpec><setSpec>col_2072_487896</setSpec></header><metadata><record xmlns="http://www.loc.gov/MARC21/slim" xmlns:dcterms="http://purl.org/dc/terms/" xmlns:xsi="http://www.w3.org/2001/XMLSchema-instance" xmlns:doc="http://www.lyncode.com/xoai" xsi:schemaLocation="http://www.loc.gov/MARC21/slim http://www.loc.gov/standards/marcxml/schema/MARC21slim.xsd">
   <leader>00925njm 22002777a 4500</leader>
   <datafield ind2=" " ind1=" " tag="042">
      <subfield code="a">dc</subfield>
   </datafield>
   <datafield ind2=" " ind1=" " tag="720">
      <subfield code="a">Tous, Núria</subfield>
      <subfield code="e">author</subfield>
   </datafield>
   <datafield ind2=" " ind1=" " tag="720">
      <subfield code="a">Francesch, Maria</subfield>
      <subfield code="e">author</subfield>
   </datafield>
   <datafield ind2=" " ind1=" " tag="720">
      <subfield code="a">Tarradas, Joan</subfield>
      <subfield code="e">author</subfield>
   </datafield>
   <datafield ind2=" " ind1=" " tag="720">
      <subfield code="a">Badiola, Ignacio</subfield>
      <subfield code="e">author</subfield>
   </datafield>
   <datafield ind2=" " ind1=" " tag="720">
      <subfield code="a">Perez de Rozas, Ana</subfield>
      <subfield code="e">author</subfield>
   </datafield>
   <datafield ind2=" " ind1=" " tag="720">
      <subfield code="a">Fàbrega-Romans, Emma</subfield>
      <subfield code="e">author</subfield>
   </datafield>
   <datafield ind2=" " ind1=" " tag="720">
      <subfield code="a">Ballester Devis, Maria</subfield>
      <subfield code="e">author</subfield>
   </datafield>
   <datafield ind2=" " ind1=" " tag="720">
      <subfield code="a">Quintanilla, Raquel</subfield>
      <subfield code="e">author</subfield>
   </datafield>
   <datafield ind2=" " ind1=" " tag="720">
      <subfield code="a">Torrallardona, David</subfield>
      <subfield code="e">author</subfield>
   </datafield>
   <datafield ind2=" " ind1=" " tag="260">
      <subfield code="c">2025-01-13</subfield>
   </datafield>
   <datafield ind2=" " ind1=" " tag="520">
      <subfield code="a">Phosphorous is essential for many metabolic functions and the&#xd;
constitution of bones. Poultry have limited ability to use phosphorous from diets,&#xd;
which is mainly excreted and causes environmental concern. For this reason, diets&#xd;
are commonly supplemented with inorganic phosphorus and phytases. It has been&#xd;
suggested that chickens can adapt to an early nutrient restriction by increasing its&#xd;
efficiency of utilization, an adaptation that has been defined as nutritional&#xd;
conditioning. The aim of this study was to investigate a strategy of phosphorous&#xd;
nutritional conditioning by feeding low phosphorous diets during the first week of&#xd;
life as a strategy to improve the efficiency of phosphorous utilization later in life. To&#xd;
test this, 600 male broiler chickens were fed either a standard (control group) or a&#xd;
phosphorous-deficient diet (conditioned group) during the first week of life. Later in&#xd;
life, the effect of conditioning was tested using standard or P-deficient diets during&#xd;
the finishing phase (21–43 d). Conditioning did not affect overall performance,&#xd;
despite finding evidence for reduced relative phosphorous excretion between days&#xd;
19 to 21, increased duodenal gene expression for the phosphorous transporter&#xd;
SLC34A2 at day 30 (−6% and +17%, respectively), and tendencies for improved&#xd;
phosphorous digestibility (+7%) and tibia mineralization (+6%) at the end of the trial.&#xd;
It is concluded that phosphorous nutritional conditioning early in life can increase&#xd;
subsequent dietary phosphorous utilization and bone mineralization in poultry,&#xd;
although it may not be able to counteract severe phosphorous deficiencies. Further&#xd;
research is required to assess the extent to which phosphorous supplementation in&#xd;
post-conditioning diets may be reduced with this strategy without compromising&#xd;
performance</subfield>
   </datafield>
   <datafield ind1="8" ind2=" " tag="024">
      <subfield code="a">http://hdl.handle.net/20.500.12327/3770</subfield>
   </datafield>
   <datafield ind2="0" ind1="0" tag="245">
      <subfield code="a">Long-Term Effects of Early Low-Phosphorous Nutritional Conditioning on Broiler Chicken Performance, Bone Mineralization, and Gut Health Under Adequate or PhosphorousDeficient Diets</subfield>
   </datafield>
</record></metadata></record></GetRecord></OAI-PMH>